| 000 | 01030nam a2200289 i 4500 | ||
|---|---|---|---|
| 003 | DO-SdBNP | ||
| 005 | 20230904154126.0 | ||
| 007 | ta | ||
| 008 | 211104b2007 abo|d |||| 001 0 spa d | ||
| 020 | _a9945170139 | ||
| 040 |
_aDO-SdBNP _bspa _cBNPHU _erda |
||
| 082 | 4 |
_222 _a372.84 _bR426f |
|
| 110 |
_aRepública Dominicana. _9607 _bSecretaría de Estado de Educación |
||
| 245 | 1 | 0 |
_aFormación integral humana y religiosa : _bEducación básica 5to. grado; nivel básico / |
| 264 |
_aSanto Domingo : _bSM. _bSecretaría de Estado de Educación _c2007. |
||
| 300 |
_a120 p. : _bilustraciones, mapas, fotografías. . _c28 cm |
||
| 336 |
_2rdacontent _atexto _btxt |
||
| 337 |
_2radmedia _asin mediación _bn |
||
| 338 |
_2rdacarrier _avolumen _bnc |
||
| 500 | _aLibro de texto de educación básica. | ||
| 500 | _aGestión educativa 2004-2008. | ||
| 590 | _aInventariado, 2023/ YL | ||
| 650 | 4 |
_aFormación integral _980487 |
|
| 650 | 4 |
_aFrmación _vHumana _xReligiosa _980488 |
|
| 910 | _aYLockward | ||
| 942 |
_2ddc _cLBS1 |
||
| 999 |
_c54619 _d54619 |
||